| 000 | 00594 a2200169 4500 | ||
|---|---|---|---|
| 999 |
_c4994 _d4994 |
||
| 010 | _aENG-86606 | ||
| 020 |
_a1403930120 _c365.00 |
||
| 035 | _aEN-70139 | ||
| 037 | _bDBAD / PUB | ||
| 082 | 1 | 4 | _a659.1 |
| 100 | _aRyder, Rodney D. | ||
| 245 | 1 |
_aTrademarks, advertising and brand protection : _cby Rodney D. Ryder _ba manual for organisations and individual managing intellectual property / |
|
| 260 |
_aNew Delhi _bMacmillan India _c2006 |
||
| 270 |
_a2/10, Ansari Road, Daryaganj, _bNew Delhi _e110 002 |
||
| 300 |
_axx, 392p _c24cm (pbk) |
||
| 942 |
_adpl _cEN _2ddc _h659.1 _mRYD |
||